Organizace /

Na minha lista:
Detalhes bibliográficos
Autor principal: Dale, Ernest (Author)
Outros Autores: Mändl, František (Translator)
Formato: Livro
Idioma:tcheco
Publicado em: Praha : Institut řízení, 1972
Tags: Adicionar Tag
Sem tags, seja o primeiro a adicionar uma tag!

MARC

LEADER 00000nam a22000003a 4500
001 stu35397
005 20150617225730.9
008 920416s1972----cs------------------cze-d
040 |a STU  |b slo 
041 0 |a cze 
044 |a cs 
100 1 |a Dale, Ernest  |4 aut 
245 1 |a Organizace /  |c [aut.]Ernest Dale; Z angl. F. Mändl 
260 |a Praha :  |b Institut řízení,  |c 1972 
300 |a 293 s 
700 1 |a Mändl, František  |4 trl 
996 |b 284M012418  |c M*5601-1  |l MMKN  |s A  |a 24  |w stu35397_0001